00502 2200205 4500001002100000008004100021035002000062245005900082100002000141250000600161260003400167300001100201084001400212082000800226650001400234990001200248990001200260990001200272990001200284INLIS000000000000418 ind  a0010-0424000394 aMateri Ekonomi Volume 4; PerkoperasiancAgung Feryanto aFeryanto, Agung a1 aKlaten :bCempaka Putihc2013 a60 hlm a330 AGU m a330 aNon Fiksi a0722476 a0722477 a0722478 a0722479